Marvel Heroes by Real Names #10 - Statistics

General Stats
  • This quiz has been taken 12 times
  • The average score is 11 of 25
Answer Stats
Name Answer % Correct
Pietro Maximoff Quicksilver
100%
Benjamin "Ben" Grimm Thing
100%
Monica Rambeau Spectrum
91%
Marc Spector/Steven Grant/Jake Lockley Moon Knight
82%
Clea Strange Clea
73%
Ch'od Ch'od
64%
Elsa Bloodstone Elsa Bloodstone
64%
Illyana Rasputina Magik
64%
Jocasta Pym Jocasta
55%
Arthur Douglas Drax the Destroyer
45%
James Hudson Guardian
45%
Page Guthrie Husk
45%
Wendell Vaughn Quasar
45%
Joseph Magneto
36%
none; a living singularity containing a pocket dimension Singularity
36%
Calvin Rankin Mimic
27%
Jason Strongbow American Eagle
18%
David Alleyne Prodigy
18%
Ruth Bat-Seraph Sabra
18%
Matthew Hawk Two-Gun Kid
18%
Jenifer Takeda Hazmat
9%
Xuan Cao Manh Karma
9%
Idie Okonkwo Oya
9%
Fernanda Rodriguez Red Locust
9%
Emily Guerrero Synapse
9%
No matching quizzes found
Score Distribution
Percent of People with Each Score
Percentile by Number Answered
Your Score History
You have not taken this quiz